Regional classification <the> case of the Visegard Four

Vyhodnotenie regionálnych disparít v krajinách V4 v roku 2010 na základe regionálnej klasifikácie NUTS 2. Disparita sa prejavila predovšetkým v ekonomickej a inovačnej výkonnosti a teritoriálnej kohézii. Z výstupov klastrovej analýzy autor dochádza k úsudku, že klasifikáciu je potrebné prispôsobiť...

ver descrição completa

Na minha lista:
Detalhes bibliográficos
Autor principal: Poledníková, Eva
Formato: Capítulo de Livro
Idioma:inglês
Assuntos:
Tags: Adicionar Tag
Sem tags, seja o primeiro a adicionar uma tag!

MARC

LEADER 00000naa a2200000 4500
001 0185815
005 20231204091004.5
041 0 |a eng 
044 |a CZ 
245 1 0 |a Regional classification  |b <the> case of the Visegard Four  |c Eva Poledníková 
520 |a Vyhodnotenie regionálnych disparít v krajinách V4 v roku 2010 na základe regionálnej klasifikácie NUTS 2. Disparita sa prejavila predovšetkým v ekonomickej a inovačnej výkonnosti a teritoriálnej kohézii. Z výstupov klastrovej analýzy autor dochádza k úsudku, že klasifikáciu je potrebné prispôsobiť efektívnej alokácii eurofondov, a navrhuje alternatívne rozdelenie regiónov V4. 
610 2 0 |a klaster 
610 2 0 |a klasifikácia 
610 2 0 |a regióny politicko-administratívne 
610 2 0 |a fondy Európskej únie 
610 2 0 |a Vyšehradská štvorka 
610 2 0 |a disparita 
100 1 |a Poledníková, Eva